Seven Days In Sunny June - Jamiroquai - Statistics

General Stats
  • This quiz has been taken 24 times
  • The average score is 252 of 354
Answer Stats
Answer % Correct
days
100%
I
100%
a
93%
And
93%
and
93%
baby
93%
bomb
93%
Drinking
93%
drop
93%
get
93%
have
93%
in
93%
it
93%
killing
93%
let's
93%
long
93%
on
93%
Seven
93%
seven
93%
So
93%
so
93%
sun
93%
that
93%
That
93%
The
93%
the
93%
time
93%
to
93%
Why
93%
wine
93%
you
93%
You
93%
bloom
87%
enough
87%
June
87%
me
87%
sunny
87%
flowers
80%
sitting
80%
summer
80%
want
80%
wanted
80%
we
80%
Why'd
80%
I've
73%
know
73%
were
73%
dress
67%
like
67%
of
67%
speak
67%
spring
67%
They
67%
wore
67%
as
60%
honey
60%
smile
60%
your
60%
be
53%
can
53%
gold
53%
hold
53%
magic
53%
constellations
47%
lie
47%
Ooh
47%
sunbeam
47%
There's
47%
you've
47%
You've
47%
arranged
40%
been
40%
crazy
40%
did
40%
for
40%
For
40%
laughed
40%
love
40%
never
40%
one
40%
seem
40%
short
40%
strange
40%
supply
40%
Tell
40%
then
40%
they're
40%
this
40%
us
40%
way
40%
dropped
33%
eyes
33%
friends
33%
girl
33%
here
33%
Lazy
33%
pebbles
33%
sand
33%
thing
33%
too
33%
we've
33%
Yeah
33%
yeah
33%
away
27%
but
27%
Could
27%
dolls
27%
don't
27%
Don't
27%
fly
27%
from
27%
known
27%
lonely
27%
silent
27%
stories
27%
walk
27%
wasn't
27%
it's
20%
read
20%
said
20%
tellin'
20%
think
20%
wings
20%
believe
13%
gave
13%
say
13%
show
13%
those
13%
true
13%
blessings
7%
honeysuckle
7%
No matching quizzes found
Score Distribution
Percent of People with Each Score
Percentile by Number Answered
Your Score History
You have not taken this quiz